Suomen joukkue - 2025 4 Nations Face-off - Statistics

Yleistilastot
  • Tätä visaa on pelattu 53 kertaa
    32 viimeisimmän päivityksen jälkeen
  • Keskiarvotulos 18 / 23
Vastaustilastot
Pelipaikka Nimi % Oikein
H Alexander Barkov
96%
H Mikko Rantanen
96%
H Patrik Laine
96%
H Roope Hintz
96%
MV Juuse Saros
92%
H Sebastian Aho
92%
H Artturi Lehkonen
88%
P Esa Lindell
88%
H Mikael Granlund
88%
MV Ukko-Pekka Luukkonen
88%
MV Kevin Lankinen
83%
H Teuvo Teräväinen
83%
H Anton Lundell
79%
H Kaapo Kakko
79%
P Niko Mikkola
79%
H Eetu Luostarinen
71%
P Henri Jokiharju
71%
H Joel Armia
71%
P Olli Määttä
71%
H Erik Haula
67%
P Urho Vaakanainen
67%
P Nikolas Matinpalo
63%
P Juuso Välimäki
46%
Ehtoja vastaavia visoja ei löytynyt
Tulosjakauma
Jokaisen tuloksen saaneiden osuus
Persentiili vastausten määrän mukaan
Tuloshistoriasi
Et ole pelannut tätä visaa sen viimeisimmän päivityksen jälkeen